Statistiques concernant Rappeurs français avec un titre (version masterclass)

Cliquez ici pour prendre le quiz!

Statistiques générales

  • Ce quiz a été pris 192 fois
  • Le résultat moyen est 8 sur 15

Statistiques - réponses

TitreRappeur% Correct
Feu de boisDamso
94%
HabituéDosseh
89%
Rap CatéchismeFreeze corleone
71%
BenderoMoha La Squale
70%
A.W.ALacrim
62%
PitbullBooba
59%
RihannaSDM
58%
SolitaireWerenoi
56%
Sale sonoritéKalash Criminel
47%
MobaliSiboy
44%
VréalitéKekra
43%
Papa fait le pitreNiro
33%
Dit-moi ouiPLK
27%
Dès Le DépartKaaris
26%
Chaud dans la villeBenash
5%

Distribution des résultats

Percentile par nombre de réponses

% des personnes avec chaque résultat

Votre développement - résultats

Vous n’avez pas pris ce quiz